000 00617nam a2200181Ia 4500
008 151202s9999||||xx |||||||||||||| ||und||
082 _bPNVM-33555
100 _aकीर गिरिजा.
245 _aजगावेगळी माणसं.
260 _b"इंद्रायणी साहित्य प्रकाशन,पुणे."
260 _c1979
300 _a180
600 _aकीर गिरिजा.
630 _aजगावेगळी माणसं.
700 _aकीर गिरिजा.
730 _aजगावेगळी माणसं.
942 _cBOOK
999 _c1299514
_d1299511